00667nam a2200205Ia 4500008004100000020002200041041000800063082001500071100002900086245004000115260003900155300000900194440001000203500001400213650002500227700002900252906000700281999001700288952015600305230125s9999 xx 000 0 und d a978-81-314-2226-7 aeng a658.8bSAN aSangeetha K, Ed.9108183 aBuzz Marketing : Concepts and Cases c2009bICFAI publicationaHyderabad a144p aICFAI amarketing aMarketing Management aSangeetha K, Ed.9108183 b97 c85000d85000 00104070aHIMRbHIMRd2010-08-31eA S Enterprisesg325.00i57l0o658.8 SAN B08535pHIMR-BK-8535r2023-01-25 00:00:00v228.00w2010-04-03yBKzB08535